<?xml version="1.0" encoding="UTF-8"?>
<record
    xmlns:xsi="http://www.w3.org/2001/XMLSchema-instance"
    xsi:schemaLocation="http://www.loc.gov/MARC21/slim http://www.loc.gov/standards/marcxml/schema/MARC21slim.xsd"
    xmlns="http://www.loc.gov/MARC21/slim">

  <leader>00826cam8a220022900 4500</leader>
  <controlfield tag="001">tmp15372938</controlfield>
  <controlfield tag="003">UPRA</controlfield>
  <controlfield tag="005">20190823112630.0</controlfield>
  <controlfield tag="008">950801r1970    sw                  eng u</controlfield>
  <datafield tag="035" ind1=" " ind2=" ">
    <subfield code="a">(Sirsi) r15096</subfield>
  </datafield>
  <datafield tag="035" ind1=" " ind2=" ">
    <subfield code="a">(UPRA)tmp15372938</subfield>
  </datafield>
  <datafield tag="040" ind1=" " ind2=" ">
    <subfield code="c">UPRA</subfield>
  </datafield>
  <datafield tag="100" ind1="1" ind2=" ">
    <subfield code="a">Albertsson, Jorgen.</subfield>
    <subfield code="6">A71421.1</subfield>
  </datafield>
  <datafield tag="245" ind1="1" ind2="4">
    <subfield code="a">The crystal and molecular structure of orthorhombic trisodium tris (pyridine -2, 6-dicarboxylato) ytherbiumate (III)- 14-hydrate.</subfield>
  </datafield>
  <datafield tag="260" ind1=" " ind2=" ">
    <subfield code="a">Lund,</subfield>
    <subfield code="c">1970.</subfield>
  </datafield>
  <datafield tag="440" ind1=" " ind2="0">
    <subfield code="a">Structural studies on the rare earth carboxylates ;</subfield>
    <subfield code="v">no. 4</subfield>
    <subfield code="6">S11350.1</subfield>
  </datafield>
  <datafield tag="500" ind1=" " ind2=" ">
    <subfield code="a">Reprint from Acta Chem. Scand. v. 24 (1970) no. 4.</subfield>
  </datafield>
  <datafield tag="650" ind1=" " ind2="0">
    <subfield code="a">Earths, Rare.</subfield>
    <subfield code="6">S53714.1</subfield>
  </datafield>
  <datafield tag="830" ind1=" " ind2="0">
    <subfield code="a">Acta chemica Scandanavia ;</subfield>
    <subfield code="v">v.24 (1970) no. 4.</subfield>
    <subfield code="6">S11352.1</subfield>
  </datafield>
  <datafield tag="949" ind1=" " ind2=" ">
    <subfield code="a">QD172</subfield>
    <subfield code="w">lcc</subfield>
    <subfield code="i">-9461</subfield>
    <subfield code="m">MAIN</subfield>
    <subfield code="t">BOOK</subfield>
    <subfield code="l">ON-SHELF</subfield>
  </datafield>
  <controlfield tag="004">15096</controlfield>
  <datafield tag="999" ind1=" " ind2=" ">
    <subfield code="c">153457</subfield>
    <subfield code="d">153457</subfield>
  </datafield>
</record>
